|
|
|
|
| LEADER |
00000nam0a2200000 4500 |
| 001 |
144747 |
| 005 |
20231031143809.0 |
| 010 |
|
|
|a 9785829111250
|
| 035 |
|
|
|a (RuTPU)RU\TPU\book\156877
|
| 090 |
|
|
|a 144747
|
| 100 |
|
|
|a 20081008d2010 km y0rusy50 ca
|
| 101 |
1 |
|
|a rus
|c fre
|
| 102 |
|
|
|a RU
|
| 105 |
|
|
|a y z 001zb
|
| 200 |
1 |
|
|a Аспекты мифа
|e пер. с фр.
|f М. Элиаде
|
| 210 |
|
|
|a Москва
|c Академический проект
|d 2010
|
| 215 |
|
|
|a 251 с.
|
| 225 |
1 |
|
|a Философские технологии: антропология
|
| 320 |
|
|
|a Библиогр.: с. 199-200, 247-248.
|
| 330 |
|
|
|a Мирна Элиаде — один из ведущих религиоведов и культурологов современности. Его книги, посвященные различным аспектам примитивной культуры, обрядности, современному бытованию мифа, архетипическим составляющим сознания современного человека, хорошо известны российскому читателю. Предлагаемая книга является изложением основных теоретических взглядов Элиаде, касающихся проблем архаической культуры и мифологического мышления, которые, по мнению автора, служат архетипическими основаниями сознания современного человека.
|
| 600 |
|
1 |
|a Элиаде
|b М.
|c румынский ученый
|c историк религии
|f 1907-1986
|g Мирча
|c антрополог
|2 stltpush
|3 (RuTPU)RU\TPU\pers\24724
|
| 606 |
1 |
|
|a Мифы
|2 stltpush
|3 (RuTPU)RU\TPU\subj\44120
|
| 610 |
1 |
|
|a религиоведение
|
| 610 |
1 |
|
|a религиозная антропология
|
| 610 |
1 |
|
|a мифы
|
| 610 |
1 |
|
|a мифологизация
|
| 610 |
1 |
|
|a религиозная философия
|
| 610 |
1 |
|
|a структура
|
| 610 |
1 |
|
|a происхождение
|
| 610 |
1 |
|
|a космогония
|
| 610 |
1 |
|
|a онтология
|
| 610 |
1 |
|
|a история
|
| 610 |
1 |
|
|a восточная мифология
|
| 610 |
1 |
|
|a индийская философия
|
| 610 |
1 |
|
|a греческая мифология
|
| 610 |
1 |
|
|a христианские мифы
|
| 610 |
1 |
|
|a волшебные сказки
|
| 610 |
1 |
|
|a СМИ
|
| 610 |
1 |
|
|a современная мифология
|
| 686 |
|
|
|a Э31
|v LBC/SL-A
|2 rubbk
|
| 700 |
|
1 |
|a Элиаде
|b М.
|g Мирча
|
| 801 |
|
1 |
|a RU
|b 63413507
|c 20081008
|g PSBO
|
| 801 |
|
2 |
|a RU
|b 63413507
|c 20100602
|g RCR
|
| 942 |
|
|
|c BK
|
| 959 |
|
|
|a 88/20081006
|d 1
|e 0
|f ЧЗГЛ:1
|
| 959 |
|
|
|a 111/20091027
|d 1
|e 150,00
|f ЧЗГЛ:1
|